00976nam a2200229Ia 4500003000900000008004100009020001800050040001600068080001700084111007500101245027600176260005000452300001600502490003900518650002000557650001900577650001300596700004300609700003500652700002500687710003400712IN-BaIIA211028s9999 xx 000 0 eng d a0-7354-0273-6 cIIA Library a524.338bMAG aAmerican Institute of Physics ConferencecBrazild2004 Nov. 28- Dec. 3 0aMagnetic fields in the universe-from laboratory and stars to primordial structuresbAIP conference proceedings held in Angra dos Reis, Brazil, 28 Nov - 3 Dec 2004cedited by Elisabete M. De Gouveia Dal Pino, German Lugones and Alexander Lazarian  aNew YorkbAmerican Institute of Physicsc2005 axxii, 455p. aAIP conference proceedings; v. 784 aMagnetic fields aStar formation aUniverse aDe Gouveia Dal Pino, Elisabete M., ed. aLazarian, Alexander, ed.  aLugones, German, ed. aAmerican Institute of Physics